000 01059cab a2200265 4500
001 WB3319-47
008 090401t1997 xxu||||| |||| 00| 0 eng d
035 _a(Sirsi) u78315
041 _aeng
245 _aTown and country planning - judicial review
260 _c1997
350 _a0
490 _aEstates Gazette Case Summaries
_v[1997] EGCS 66, (10/5/97)
520 _a"R v Cotswold DC and another, ex parte Barrington PC" QBD 24 April 1997. Plans by C to redevelop a disused military airfield, which included first the refurbishment of existing buildings, and then the sale of these to another for letting, do not constitute the piecemeal approach discouraged by the development plan.
650 _aDEVELOPMENT PLANS
650 _aDISUSED MILITARY AIRFIELD
650 _aJUDICIAL REVIEW
650 _aLOCAL DEVELOPMENT PLANS
650 _aPIECEMEAL APPROACH
650 _aR V COTSWOLD DC AND ANOTHER EX P BARRINGTON PC
650 _aREDEVELOPMENT
690 _aPLANNING LAW AND PRACTICE-CASE LAW
942 _n0
948 _c14/05/1997
999 _c49283
_d49283